Countries that Beat Tuvalu - Statistics

General Stats
  • This quiz has been taken 2,897 times
  • The average score is 12 of 15
Answer Stats
Rank Category Countries % Correct
6 Least guessed on the Countries of the World Quiz São Tomé, Nauru, Palau, ...
96%
2 Smallest by population Vatican City
96%
4 Smallest by land area Vatican City, Monaco, Nauru
95%
3 Closest to Hawaii Kiribati, Marshall Islands
87%
16 Most recently settled Seychelles, Mauritius, São Tomé, ...
83%
5 First to celebrate the New Year (easternmost) Russia, USA, New Zealand, Fiji
82%
14 Least rainfall Egypt, Libya, Liechtenstein, Saudi Arabia, ...
81%
12 Highest fish consumption per capita Maldives, Iceland, Kiribati, ...
79%
6 Newest member of the UN South Sudan, Montenegro, East Timor, Switzerland, ...
78%
4 Most at risk from climate change Kiribati, The Maldives, Vanuatu
75%
4 Highest obesity rate Nauru, Palau, Marshall Islands
74%
5 Fewest visitors Libya, Equatorial Guinea, Somalia, Nauru
73%
4 Smallest parliament Vatican City, Micronesia, St Kitts and Nevis
69%
2 Shortest road network Vatican City
67%
2 Flattest The Maldives
45%
No matching quizzes found
Score Distribution
Percent of People with Each Score
Percentile by Number Answered
Your Score History
You have not taken this quiz